Pedagogía de la comunicación no verbal

保存先:
書誌詳細
第一著者: Heinemann, Peter (著者)
フォーマット: 図書
言語:スペイン語
出版事項: Barcelona Herder 1979
シリーズ:Problemas de Pedagogía, 18
主題:
タグ: タグ追加
タグなし, このレコードへの初めてのタグを付けませんか!

MARC

LEADER 00000nam a2200000 a 4500
001 UCG1875
003 CL-VaPUC
008 100531e19790000SP |||||||||||||||||spa|d
020 |a 8425410940 
082 0 4 |a 302.222  |b HEI  |2 21 
100 0 |a Heinemann, Peter  |e author  |9 549972 
245 1 0 |a Pedagogía de la comunicación no verbal 
300 |a 174 p 
942 |c BK 
945 |d 20100531 00:00:00  |a rbrito 
260 |a Barcelona  |b Herder  |c 1979 
650 0 |a Comunicación no verbal  |9 270761 
650 0 |a Lenguaje corporal  |9 308592 
650 7 |a GESTOS  |2 CL-VaPUC  |9 549973 
650 0 |a Expresión corporal  |9 308898 
583 |a last modification  |c 20100531 00:00:00  |k Rodrigo Vera 
490 0 |a Problemas de Pedagogía, 18 
999 |c 341133  |d 341131 
952 |0 0  |1 0  |4 0  |6 302_222000000000000_HEI_1979  |7 0  |8 P  |9 436416  |a BIBEDU  |b BIBEDU  |c BIBEDU_PB  |d 2019-11-22  |i 4675258  |o 302.222 HEI 1979  |p 4675258  |r 2019-11-22  |w 2019-11-22  |y BK  |k EPE